One Piece Hardcore 1 - Statistics

General Stats
  • This quiz has been taken 2,370 times
  • The average score is 8 of 10
Answer Stats
Question Answer % Correct
By eating a devil fruit, you deprive yourself of being able to... Swim
100%
Who is the first character to join Luffy's crew? Zoro
99%
From whom is the Going Merry a gift? Kaya
97%
What does Rika offer to Zoro when he is tied to a pole, prisoner of the marines? Onigiri (Rice balls)
97%
Luffy is from... East Blue
95%
What is the name of Luffy's hometown? Foosha
78%
Where is Nami's tattoo located? Left shoulder
72%
Who is the 3rd character to join Luffy's crew? Usopp
61%
How many Beli did Nami owe Arlong to free her village? 100.000.000 Beli
60%
How long does Kuro stay undercover at Kaya's house? 3 years
52%
No matching quizzes found
Score Distribution
Percent of People with Each Score
Percentile by Number Answered
Your Score History
You have not taken this quiz